HEALTH EDUCATION AND COMMUNITY PHARMACY (Record no. 5972)

MARC details
000 -LEADER
fixed length control field 00400nam a22001457a 4500
005 - DATE AND TIME OF LATEST TRANSACTION
control field 20190910144826.0
008 - FIXED-LENGTH DATA ELEMENTS--GENERAL INFORMATION
fixed length control field 190910b xxu||||| |||| 00| 0 eng d
020 ## - INTERNATIONAL STANDARD BOOK NUMBER
ISBN 81-86270-57-4
041 ## - LANGUAGE CODE
Language code of text/sound track or separate title eng
100 ## - MAIN ENTRY--AUTHOR NAME
Personal name SIDDIQUI, DR. ANEES AHMAD AND SIDDIQUI, SEEMI
245 ## - TITLE STATEMENT
Title HEALTH EDUCATION AND COMMUNITY PHARMACY
260 ## - PUBLICATION, DISTRIBUTION, ETC. (IMPRINT)
Place of publication DELHI
Name of publisher BIRLA PUBLICATION PVT. LTD
300 ## - PHYSICAL DESCRIPTION
Number of Pages 200p,
942 ## - ADDED ENTRY ELEMENTS (KOHA)
Koha item type Books
Holdings
Lost status Damaged status Collection code Home library Current library Shelving location Date acquired Source of acquisition Cost, normal purchase price Accession Number Koha item type
    PHARMACY JRU Library JRU Library SHELF - 19 - H 10/09/2019 PURCHESS 220.00 23465 Books
    PHARMACY JRU Library JRU Library SHELF - 19 - H 10/09/2019 PURCHESS 220.00 23466 Books
    PHARMACY JRU Library JRU Library SHELF - 19 - H 10/09/2019 PURCHESS 220.00 23467 Books
    PHARMACY JRU Library JRU Library SHELF - 19 - H 10/09/2019 PURCHESS 220.00 23468 Books